The noble scholar, jurist, historian


 His Excellency Dr. Abdul Wahhab bin Ibrahim Abu Sulaiman, may Allah have mercy on him.


 He was born in Umm Al-Qura in the year 1356 AH.

الروض المبهج في شرح تكميل المنهج في القواعد والضوابط الفقهية المالكية / (Record no. 1316)

MARC details
000 -LEADER
fixed length control field 02185cam a22003731i 4500
003 - CONTROL NUMBER IDENTIFIER
control field SA_RiAUC
005 - DATE AND TIME OF LATEST TRANSACTION
control field 20241014151049.0
008 - FIXED-LENGTH DATA ELEMENTS--GENERAL INFORMATION
fixed length control field 241014s2011____le f 000 0 ara c
020 ## - INTERNATIONAL STANDARD BOOK NUMBER
International Standard Book Number 9786144161852
040 ## - CATALOGING SOURCE
Original cataloging agency SA-MaHRM
Language of cataloging ara
Transcribing agency SA-RiAUC
Description conventions rda
082 04 - DEWEY DECIMAL CLASSIFICATION NUMBER
Classification number 258.2
Assigning agency SA-RiAUC
090 ## - LOCALLY ASSIGNED LC-TYPE CALL NUMBER (OCLC); LOCAL CALL NUMBER (RLIN)
Classification number (OCLC) (R) ; Classification number, CALL (RLIN) (NR) 258.2
Local cutter number (OCLC) ; Book number/undivided call number, CALL (RLIN) م ي ا
100 1# - MAIN ENTRY--PERSONAL NAME
Personal name ميارة، محمد بن أحمد بن محمد،
Dates associated with a name 999-1072 هجري
Relator term مؤلف.
245 12 - TITLE STATEMENT
Title الروض المبهج في شرح تكميل المنهج في القواعد والضوابط الفقهية المالكية /
Statement of responsibility, etc. محمد بن أحمد ميارة الفارسي ؛ دراسة وتحقيق محمد أوادير مشنان ؛ تقديم محمد الطاهر آيت علجت.
250 ## - EDITION STATEMENT
Edition statement الطبعة الأولى.
264 #1 - PRODUCTION, PUBLICATION, DISTRIBUTION, MANUFACTURE, AND COPYRIGHT NOTICE
Place of production, publication, distribution, manufacture بيروت :
Name of producer, publisher, distributor, manufacturer دار ابن حزم،
Date of production, publication, distribution, manufacture, or copyright notice 2011
300 ## - PHYSICAL DESCRIPTION
Extent 2 مجلد ؛
Dimensions 24 سم.
336 ## - CONTENT TYPE
Content type term نص
Content type code txt
Source rdacontent
Materials specified كتاب
337 ## - MEDIA TYPE
Media type term بدون وسيط
Media type code n
Source rdamedia
338 ## - CARRIER TYPE
Carrier type term مجلد
Carrier type code nc
Source rdacarrier
490 0# - SERIES STATEMENT
Series statement مركز الإمام الثعالبي للدراسات والنشر التراث
500 ## - GENERAL NOTE
General note الأصل أطروحة (دكتوراه)-كلية العلوم الإسلامية.
650 #7 - SUBJECT ADDED ENTRY--TOPICAL TERM
Topical term or geographic name entry element الفقه المالكي
Source of heading or term aucsh
700 12 - ADDED ENTRY--PERSONAL NAME
Personal name مشنان، محمد إدير
Relator term محقق.
700 1# - ADDED ENTRY--PERSONAL NAME
Personal name آيت علجت، محمد طاهر،
Dates associated with a name 1912-
Relator term مقدم.
700 12 - ADDED ENTRY--PERSONAL NAME
Personal name ميارة، محمد بن أحمد بن محمد،
Dates associated with a name 999-1072 هجري.
Title of a work بستان فكر المهج في تكميل المنهج.
700 12 - ADDED ENTRY--PERSONAL NAME
Personal name ميارة، محمد بن أحمد بن محمد،
Dates associated with a name 999-1072 هجري.
Title of a work الروض المبهج في شرح تكميل المنهج.
700 12 - ADDED ENTRY--PERSONAL NAME
Personal name المنجور، أحمد بن علي بن عبد الرحمن،
Dates associated with a name 926-995 هجري.
Title of a work شرح المنهج المنتخب إلى قواعد المذهب.
700 12 - ADDED ENTRY--PERSONAL NAME
Personal name الزقاق، علي بن قاسم بن محمد،
Dates associated with a name توفي 912 هجري.
Title of a work المنهج المنتخب على قواعد المذهب.
740 02 - ADDED ENTRY--UNCONTROLLED RELATED/ANALYTICAL TITLE
Uncontrolled related/analytical title نظم تكميل المنهج.
740 22 - ADDED ENTRY--UNCONTROLLED RELATED/ANALYTICAL TITLE
Uncontrolled related/analytical title المنهج المنتخب إلى قواعد المذهب.
942 ## - ADDED ENTRY ELEMENTS (KOHA)
Source of classification or shelving scheme Dewey Decimal Classification
Koha item type Books
Suppress in OPAC No
949 ## - LOCAL PROCESSING INFORMATION (OCLC)
a SA-JeALM
d 241014
u mohamedma123
n 1
Holdings
Withdrawn status Lost status Source of classification or shelving scheme Materials specified (bound volume or other part) Damaged status Not for loan Home library Current library Date acquired Total checkouts Full call number Barcode Date last seen Price effective from Koha item type
    Dewey Decimal Classification المجلد الاول     DR AbdElwahab Library DR AbdElwahab Library 10/14/2024   258.2 م ي ا 000001859 10/14/2024 10/14/2024 Books
    Dewey Decimal Classification المجلد الثاني     DR AbdElwahab Library DR AbdElwahab Library 10/14/2024   258.2 م ي ا 000001860 10/14/2024 10/14/2024 Books